|
|
|
|
| LEADER |
00000nam0a2200000 4500 |
| 001 |
360055 |
| 005 |
20231102011239.0 |
| 035 |
|
|
|a (RuTPU)RU\TPU\retro\17363
|
| 090 |
|
|
|a 360055
|
| 100 |
|
|
|a 20210303d1925 k y0gery50 ba
|
| 101 |
0 |
|
|a ger
|
| 102 |
|
|
|a DE
|
| 105 |
|
|
|a a z 001zy
|
| 200 |
1 |
|
|a Die Kondensation bei Dampfkraftmaschinen, einschließlich Korrosion der Kondensatorrohre, Rückkühlung des Kühlwassers, Entölung und Abwärmeverwertung
|f K. Hoefer
|
| 210 |
|
|
|a Berlin
|c Verlag von Julius Springer
|d 1925
|
| 215 |
|
|
|a XI, 442, [2] s.
|c 443 il.
|
| 300 |
|
|
|a Раздельная пагинация страниц
|
| 316 |
|
|
|5 63413507: М-133390
|a На титульном листе владельческая подпись: "Бутаков"
|
| 317 |
|
|
|5 63413507: М-133390
|a Поступил в НТБ в 1970 г. в составе книжного собрания профессора ТПИ И. Н. Бутакова
|
| 320 |
|
|
|a Literaturverzeichnis: s. 433-436
|
| 320 |
|
|
|a Sachverzeichnis: s. 437-442
|
| 541 |
1 |
|
|a Конденсация в паровых машинах, включая коррозию трубок конденсатора, охлаждение оборотной воды, удаление масла и утилизацию отработанного тепла
|z ger
|
| 606 |
1 |
|
|a Паровые машины
|2 stltpush
|3 (RuTPU)RU\TPU\subj\48172
|9 67116
|
| 606 |
1 |
|
|a Конденсация
|2 stltpush
|3 (RuTPU)RU\TPU\subj\15332
|9 41584
|
| 610 |
1 |
|
|a Библиотека И. Н. Бутакова
|
| 610 |
1 |
|
|a владельческие подписи
|
| 610 |
1 |
|
|a дары библиотеке
|
| 610 |
1 |
|
|a немецкий язык
|
| 610 |
1 |
|
|a конденсаторы
|
| 610 |
1 |
|
|a коррозия
|
| 610 |
1 |
|
|a охлаждение
|
| 610 |
1 |
|
|a утилизация тепла
|
| 610 |
1 |
|
|a паровые двигатели
|
| 610 |
1 |
|
|a охлаждающая вода
|
| 610 |
1 |
|
|a конденсат
|
| 610 |
1 |
|
|a парообразование
|
| 610 |
1 |
|
|a воздушные насосы
|
| 610 |
1 |
|
|a конденсационные установки
|
| 675 |
|
|
|a 621.1
|v 3
|
| 675 |
|
|
|a 536.423
|v 3
|
| 700 |
|
1 |
|a Hoefer
|b K.
|
| 801 |
|
1 |
|a RU
|b 63413507
|c 20210303
|
| 801 |
|
2 |
|a RU
|b 63413507
|c 20221026
|g RCR
|
| 942 |
|
|
|c BK
|